Kuliah subuh pada membicarakan hadis 40 / (Record no. 4599)
[ view plain ]
| 000 -LEADER | |
|---|---|
| fixed length control field | nam a22 a 4500 |
| 003 - CONTROL NUMBER IDENTIFIER | |
| control field | AKMAL |
| 005 - DATE AND TIME OF LATEST TRANSACTION | |
| control field | 20170602155226.0 |
| 008 - FIXED-LENGTH DATA ELEMENTS--GENERAL INFORMATION | |
| fixed length control field | 170602s19 si | e | 000 0 may d |
| 020 ## - INTERNATIONAL STANDARD BOOK NUMBER | |
| International Standard Book Number | 9971773058 |
| 040 ## - CATALOGING SOURCE | |
| Transcribing agency | AKMAL |
| 082 04 - DEWEY DECIMAL CLASSIFICATION NUMBER | |
| Classification number | 297.124 NAW |
| Edition number | 22 |
| 090 20 - LOCALLY ASSIGNED LC-TYPE CALL NUMBER (OCLC); LOCAL CALL NUMBER (RLIN) | |
| Classification number (OCLC) (R) ; Classification number, CALL (RLIN) (NR) | 297.124 |
| Local cutter number (OCLC) ; Book number/undivided call number, CALL (RLIN) | NAW |
| 100 0# - MAIN ENTRY--PERSONAL NAME | |
| Personal name | Syed Ahmad Semait |
| 9 (RLIN) | 1527 |
| 245 10 - TITLE STATEMENT | |
| Title | Kuliah subuh pada membicarakan hadis 40 / |
| Statement of responsibility, etc. | Syed Ahmad Semait |
| 260 ## - PUBLICATION, DISTRIBUTION, ETC. | |
| Place of publication, distribution, etc. | Singapura : |
| Name of publisher, distributor, etc. | Pustaka Nasional, |
| Date of publication, distribution, etc. | 1996 |
| 300 ## - PHYSICAL DESCRIPTION | |
| Extent | 259ms. ; |
| Dimensions | 22cm |
| 500 ## - GENERAL NOTE | |
| General note | Mengandungi hadis |
| 650 10 - SUBJECT ADDED ENTRY--TOPICAL TERM | |
| Topical term or geographic name entry element | Hadith |
| General subdivision | Criticism, interpretation, etc. |
| 9 (RLIN) | 1782 |
| 942 ## - ADDED ENTRY ELEMENTS (KOHA) | |
| Source of classification or shelving scheme | |
| Koha item type | Book |
| Withdrawn status | Lost status | Source of classification or shelving scheme | Damaged status | Not for loan | Collection code | Home library | Current library | Shelving location | Date acquired | Inventory number | Total Checkouts | Full call number | Barcode | Date last seen | Price effective from | Koha item type |
|---|---|---|---|---|---|---|---|---|---|---|---|---|---|---|---|---|
| NON-FICTION | AKMAL Melaka | AKMAL Melaka | PINJAMAN | 02.06.2017 | 200863 | 297.124 NAW | 201707386 | 02.06.2017 | 02.06.2017 | Book |
